[Event "MEDOSZ Hotel 2010"]
[Site "Budapest"]
[Date "2010.11.03"]
[Round "9"]
[White "Dombai, Istvan"]
[Black "Mayer, Istvan"]
[Result "1/2-1/2"]
[WhiteElo "2163"]
[BlackElo "2079"]
[PlyCount "87"]
[EventDate "2010.10.26"]

1. d4 d5 2. Nf3 Nf6 3. e3 a6 4. Bd3 Bg4 5. Nbd2 Nbd7 6. c4 e5 7. Be2 exd4 8.
exd4 dxc4 9. Nxc4 Bb4+ 10. Nfd2 Qe7 11. a3 Bxe2 12. Qxe2 Qxe2+ 13. Kxe2 Be7 14.
Re1 O-O 15. Kf1 Rfe8 16. Nf3 Nd5 17. Be3 f6 18. Rac1 Kf7 19. h4 Rab8 20. g3 b5
21. Na5 Bd6 22. Nc6 Ra8 23. Bd2 N7b6 24. Na5 Rxe1+ 25. Kxe1 b4 26. Nb7 Bf8 27.
axb4 Rb8 28. Nc5 Bxc5 29. Rxc5 Ke6 30. b3 Nc8 31. Rc6+ Nd6 32. Ke2 Kd7 33. Rxa6
Nxb4 34. Ra1 Nd5 35. Ra5 Ke6 36. Ra3 Nb5 37. Ra6+ Nd6 38. Ra3 Nb5 39. Ra1 Nd6
40. Rb1 Ne4 41. Rb2 Kd7 42. Be1 Re8 43. Kd3 Nxg3 44. Bd2 1/2-1/2

[Event "MEDOSZ Hotel 2010"]
[Site "Budapest"]
[Date "2010.11.03"]
[Round "9"]
[White "Gruz, Janos"]
[Black "Schenkerik, Csaba"]
[Result "0-1"]
[WhiteElo "1951"]
[BlackElo "2127"]
[PlyCount "50"]
[EventDate "2010.10.26"]

1. d4 Nf6 2. Nf3 g6 3. c4 Bg7 4. Nc3 d5 5. e3 O-O 6. Bd3 c5 7. dxc5 Qa5 8. O-O
dxc4 9. Bxc4 Qxc5 10. Be2 Nc6 11. Bd2 e5 12. Rc1 Qe7 13. a3 e4 14. Ne1 Rd8 15.
Qc2 Bf5 16. Nb1 h5 17. Bc3 h4 18. Qb3 Rac8 19. Rd1 Rxd1 20. Qxd1 Rd8 21. Qc1
Bh6 22. Nc2 Nd5 23. Rd1 Qg5 24. Nd4 Bh3 25. Bf1 Bxg2 0-1

[Event "MEDOSZ Hotel 2010"]
[Site "Budapest"]
[Date "2010.11.03"]
[Round "9"]
[White "Koczo, Kristof"]
[Black "Zala, Gyula"]
[Result "1-0"]
[WhiteElo "2189"]
[BlackElo "2023"]
[PlyCount "63"]
[EventDate "2010.10.26"]

1. d4 c5 2. d5 d6 3. e4 g6 4. Nc3 Bg7 5. Bb5+ Kf8 6. a4 f5 7. Bd3 fxe4 8. Nxe4
Nd7 9. Nf3 Ngf6 10. Neg5 Ne5 11. Nxe5 dxe5 12. c4 h6 13. Ne4 Nxe4 14. Bxe4 Qb6
15. O-O g5 16. a5 Qf6 17. Be3 Bf5 18. Bxf5 Qxf5 19. Bxc5 Rc8 20. d6 exd6 21.
Qxd6+ Kg8 22. b4 Kh7 23. Rad1 Rc6 24. Qd7 Qxd7 25. Rxd7 b6 26. axb6 axb6 27.
Bd6 Rxc4 28. Bxe5 Rg8 29. Rb1 b5 30. Rb7 Kg6 31. Bxg7 Rxg7 32. Rxb5 1-0

[Event "MEDOSZ Hotel 2010"]
[Site "Budapest"]
[Date "2010.11.04"]
[Round "10"]
[White "Farkas, Richard"]
[Black "Dombai, Istvan"]
[Result "1/2-1/2"]
[WhiteElo "1960"]
[BlackElo "2163"]
[PlyCount "56"]
[EventDate "2010.10.26"]

1. d4 f5 2. c4 e6 3. Nf3 Nf6 4. g3 d5 5. Bg2 c6 6. Ne5 Bd6 7. f4 O-O 8. O-O Bd7
9. c5 Bc7 10. b4 a6 11. a4 Be8 12. e3 Nbd7 13. Nc3 Bh5 14. Bf3 Bxf3 15. Qxf3
Ne4 16. Nxe4 fxe4 17. Qg2 Nxe5 18. fxe5 Rxf1+ 19. Qxf1 Qf8 20. Bd2 Qxf1+ 21.
Rxf1 Rf8 22. Rxf8+ Kxf8 23. Kg2 Bd8 24. g4 Kf7 25. Kg3 g6 26. h4 h5 27. gxh5
gxh5 28. a5 Kg6 1/2-1/2

[Event "MEDOSZ Hotel 2010"]
[Site "Budapest"]
[Date "2010.11.04"]
[Round "10"]
[White "Mayer, Istvan"]
[Black "Koczo, Kristof"]
[Result "0-1"]
[WhiteElo "2079"]
[BlackElo "2189"]
[PlyCount "178"]
[EventDate "2010.10.26"]

1. e4 c5 2. Nf3 d6 3. d4 cxd4 4. Nxd4 Nf6 5. Nc3 a6 6. a4 e6 7. Be2 Be7 8. O-O
Nc6 9. Be3 Bd7 10. Kh1 Nxd4 11. Bxd4 Bc6 12. Bf3 O-O 13. b4 b5 14. axb5 axb5
15. Qd3 Qd7 16. Rfd1 Qb7 17. Rxa8 Rxa8 18. e5 Bxf3 19. Qxf3 Qxf3 20. gxf3 dxe5
21. Bxe5 Bxb4 22. Nxb5 h6 23. Rb1 Bc5 24. Kg2 Nd5 25. c4 Nb6 26. Bd6 Rc8 27.
Na7 Bxd6 28. Rxb6 Rd8 29. Nb5 Bc5 30. Rc6 Bb4 31. c5 Rd5 32. Rc8+ Kh7 33. Nd6
Kg6 34. Nb7 Bd2 35. c6 Bf4 36. h3 Kf6 37. Rd8 Rxd8 38. Nxd8 Bc7 39. Nb7 Ke5 40.
Nc5 Kd5 41. Nd3 Kxc6 42. f4 Kd5 43. Kf3 Kc4 44. Ke4 f5+ 45. Ke3 Bb6+ 46. Ke2
Bd4 47. Ne1 Kd5 48. Kf3 Bc3 49. Ng2 Bf6 50. Ke3 Kc4 51. Ne1 Bd4+ 52. Ke2 Kc3
53. Nd3 Kb3 54. Nc1+ Kc2 55. Nd3 Kc3 56. Ne1 Bc5 57. Nf3 Bd6 58. Ke3 Bc7 59.
Ne1 Bb6+ 60. Ke2 Kd4 61. Kf3 Bc5 62. Ke2 Ke4 63. f3+ Kd4 64. Nc2+ Kc3 65. Ne1
Bd6 66. Ke3 Ba3 67. Nd3 Bd6 68. Ne1 Be7 69. Nd3 Ba3 70. Ke2 Kd4 71. Ne1 Be7 72.
Nc2+ Kc3 73. Ne1 Bh4 74. Nd3 Kd4 75. Ne5 Bg3 76. Nc6+ Kd5 77. Ne7+ Kd6 78. Ng6
e5 79. fxe5+ Bxe5 80. Nh4 Ke6 81. Ke3 Bg3 82. Ng2 g5 83. Ke2 f4 84. Kd3 Kd5 85.
Kc3 Bf2 86. Kd3 h5 87. Ke2 Bg3 88. Kd3 h4 89. Kc3 g4 0-1

[Event "MEDOSZ Hotel 2010"]
[Site "Budapest"]
[Date "2010.11.04"]
[Round "10"]
[White "Torok, Tamas Titusz"]
[Black "Sebestyen, Balazs"]
[Result "1/2-1/2"]
[WhiteElo "2074"]
[BlackElo "2227"]
[PlyCount "88"]
[EventDate "2010.10.26"]

1. e4 e6 2. Nf3 d5 3. Nc3 Nf6 4. exd5 exd5 5. d4 Bd6 6. Bd3 O-O 7. O-O Bg4 8.
h3 Bh5 9. Bg5 c6 10. g4 Bg6 11. Ne5 Re8 12. Re1 Nbd7 13. Nxd7 Rxe1+ 14. Qxe1
Qxd7 15. Bxf6 gxf6 16. Qd2 f5 17. f3 fxg4 18. Bxg6 hxg6 19. hxg4 Kg7 20. Kg2
Rh8 21. Rh1 Rxh1 22. Kxh1 Qd8 23. Kg1 Qh4 24. Qe2 Qg3+ 25. Kf1 Qf4 26. Qd3 Qc1+
27. Nd1 Bf4 28. Ke2 Kh6 29. a4 Kg7 30. Qc3 Bg5 31. Qd3 Qf4 32. b3 Bf6 33. c3
Bg5 34. Qe3 Qh2+ 35. Qf2 Qd6 36. Kd3 b5 37. axb5 cxb5 38. b4 Bf4 39. Qa2 Qe6
40. Qe2 Qc6 41. Nb2 a5 42. bxa5 Qa6 43. Kc2 Qxa5 44. Qe7 Qb6 1/2-1/2

[Event "MEDOSZ Hotel 2010"]
[Site "Budapest"]
[Date "2010.11.04"]
[Round "10"]
[White "Zala, Gyula"]
[Black "Molnar, Marton Marcello"]
[Result "1/2-1/2"]
[WhiteElo "2023"]
[BlackElo "1992"]
[PlyCount "32"]
[EventDate "2010.10.26"]

1. e4 e5 2. d4 exd4 3. Bd3 d6 4. f4 Nf6 5. Nf3 c5 6. O-O Nc6 7. h3 Be7 8. a3
O-O 9. Nbd2 Qc7 10. g4 Kh8 11. g5 Ng8 12. Kh2 Qd7 13. Ng1 g6 14. Qf3 f5 15. c3
dxc3 16. bxc3 Qe8 1/2-1/2

 18. c4+ Nd4 19. Nb3 fxe4 20. Qxe4 Bf5 21. Bxd4+
Bf6 22. Bxf6+ Nxf6 23. Qxe8+ Rxe8 24. gxf6 Bxd3 25. Rfe1 Rxe1 26. Rxe1 Rxf6 27.
Re8+ Kg7 28. Re7+ Kh6 29. Rxb7 Rxf4 30. Rxa7 Rxc4 31. a4 Kg5 32. a5 Rc2+ 33.
Kg3 Be4 34. h4+ Kf6 35. a6 Rc3+ 36. Kf4 d5 37. Rxh7 Rxb3 38. a7 Ra3 39. Ne2
1/2-1/2

[Event "MEDOSZ Hotel 2010"]
[Site "Budapest"]
[Date "2010.11.05"]
[Round "11"]
[White "Dombai, Istvan"]
[Black "Torok, Tamas Titusz"]
[Result "1/2-1/2"]
[WhiteElo "2163"]
[BlackElo "2074"]
[PlyCount "29"]
[EventDate "2010.10.26"]

1. d4 d5 2. Nf3 Nc6 3. Bf4 Bg4 4. e3 Nf6 5. c3 e6 6. h3 Bh5 7. g4 Bg6 8. Bb5
Nd7 9. Bxc6 bxc6 10. Qa4 Rb8 11. b4 Bd6 12. Bxd6 cxd6 13. Qxc6 Rb6 14. Qa4 Qc7
15. Qb3 1/2-1/2

[Event "MEDOSZ Hotel 2010"]
[Site "Budapest"]
[Date "2010.11.05"]
[Round "11"]
[White "Gruz, Janos"]
[Black "Zala, Gyula"]
[Result "1/2-1/2"]
[WhiteElo "1951"]
[BlackElo "2023"]
[PlyCount "54"]
[EventDate "2010.10.26"]

1. d4 d5 2. Nf3 Nf6 3. e3 e6 4. c4 Bb4+ 5. Nc3 O-O 6. Qc2 b6 7. Bd3 dxc4 8.
Bxc4 Ba6 9. Bxa6 Nxa6 10. Qa4 Bxc3+ 11. bxc3 Qc8 12. O-O c5 13. Ba3 Re8 14.
Rac1 Qb7 15. Ne5 b5 16. Qb3 c4 17. Qb1 Nc7 18. Bc5 a6 19. a4 Qe4 20. Qxe4 Nxe4
21. f3 Nxc5 22. dxc5 a5 23. e4 f6 24. Ng4 Red8 25. Rcd1 Kf7 26. Kf2 e5 27. Ke2
Ke7 1/2-1/2

[Event "MEDOSZ Hotel 2010"]
[Site "Budapest"]
[Date "2010.11.05"]
[Round "11"]
[White "Koczo, Kristof"]
[Black "Farkas, Richard"]
[Result "1-0"]
[WhiteElo "2189"]
[BlackElo "1960"]
[PlyCount "101"]
[EventDate "2010.10.26"]

1. d4 d5 2. Nf3 c5 3. c4 cxd4 4. cxd5 Nf6 5. Qxd4 Qxd5 6. Nc3 Qxd4 7. Nxd4 a6
8. Bf4 b5 9. O-O-O Bb7 10. e4 e6 11. f3 Bc5 12. Nb3 Bb6 13. Bd6 Nbd7 14. Be2
Rc8 15. Kb1 Nc5 16. e5 Nd5 17. Nxd5 exd5 18. Nxc5 Bxc5 19. Bxc5 Rxc5 20. Rd4
Ke7 21. Rc1 Rxc1+ 22. Kxc1 f6 23. exf6+ Kxf6 24. f4 Re8 25. Kd2 g5 26. fxg5+
Kxg5 27. Rg4+ Kf6 28. Rf4+ Kg6 29. Bd3+ Kg7 30. Rg4+ Kf6 31. Rh4 Rg8 32. g3 Rg7
33. Rxh7 Rxh7 34. Bxh7 d4 35. b4 Bf3 36. h4 Ke5 37. Bg6 Kf6 38. h5 Bd5 39. a3
Bc4 40. Be4 Kg5 41. Bb7 Kxh5 42. Bxa6 Kg4 43. a4 Kxg3 44. Bxb5 Bd5 45. Kd3 Kf4
46. Kxd4 Bb7 47. Kc5 Ke5 48. Bc6 Bc8 49. b5 Ke6 50. a5 Ke7 51. a6 1-0

[Event "MEDOSZ Hotel 2010"]
[Site "Budapest"]
[Date "2010.11.05"]
[Round "11"]
[White "Molnar, Marton Marcello"]
[Black "Mayer, Istvan"]
[Result "1/2-1/2"]
[WhiteElo "1992"]
[BlackElo "2079"]
[PlyCount "21"]
[EventDate "2010.10.26"]

1. c4 e5 2. Nc3 Nc6 3. g3 f5 4. d3 Nf6 5. Bg2 Bc5 6. e3 O-O 7. Nh3 d6 8. O-O a6
9. Kh1 Ba7 10. Rb1 Qe8 11. b4 1/2-1/2